| 000 | 01515nam0a22003491 4500 | ||
|---|---|---|---|
| 001 | v19\rc\1917643 | ||
| 005 | 20260406163859.0 | ||
| 035 | _a(NLR Aleph) 005024472 | ||
| 090 |
_a6624359 _c6624359 |
||
| 100 | _a20080404d1912 u y0rusy50 ca | ||
| 101 | 0 | _arus | |
| 102 | _aRU | ||
| 105 | _ay z ||||| | ||
| 200 | 1 |
_aЭкзаменационные требования по "введению в языковедение" _f[И. Бодуэн-де-Куртенэ] |
|
| 210 |
_a[Санкт-Петербург] _cтип. Б.М. Вольфа _d[1912] |
||
| 215 |
_a20 с. _d23 |
||
| 300 | _aАвт. указан в конце текста | ||
| 309 | _aБез тит. л. и обл. | ||
| 320 | _aБиблиогр.: "Пособия и другие сочинения, которыми можно пользоваться" (с. 17-20) | ||
| 500 | _aВведение в языковедение | ||
| 532 | 1 | 3 | _aЭкзаменационные требования по введению в языковедение |
| 700 | 1 |
_8rus _7ca _aБодуэн де Куртенэ _bИ. А. _f1845-1929 _gИван Александрович _3RU\NLR\auth\7710353 _9120131 |
|
| 790 | 1 |
_aКуртенэ _bИ.А.Б. де _f1845-1929 _gИван Александрович Бодуэн де |
|
| 801 | 0 |
_aRU _bNLR _gpsbo |
|
| 801 | 0 |
_aRU _bRuMoRGB _2psbo |
|
| 801 | 1 |
_aRU _bProSoft-M _2rusmarc |
|
| 852 |
_aNLR _j20.92.8.345 |
||
| 899 |
_aRuMoRGB _jV 114/782 |
||
| 899 | _aБАН | ||
| 899 | _aНБ СПбГУ | ||
| 942 | _cBOOK | ||
| 980 | _aNB | ||